MARC

Tag First Indicator Second Indicator Subfields
LEADER 00000cam a2200000 a 4500
001 in00001406051
005 20151020072354.0
008 970227s1997 enka b 001 0 eng
010 |a  97010084  
020 |a 1853593915 (hbk : alk. paper) 
020 |a 1853593958 (pbk : alk. paper) 
035 |a (OCoLC)36521045 
035 |9 AHQ2785AM 
040 |a DLC  |c DLC  |d UtOrBLW 
043 |a e-uk--- 
049 |a TXAM 
050 0 0 |a LB1034  |b .C65 1997 
082 0 0 |a 370/.1/4  |2 21 
245 0 0 |a Computers and talk in the primary classroom /  |c edited by Rupert Wegerif and Peter Scrimshaw. 
264 1 |a Clevedon [England] ;  |a Philadelphia :  |b Multilingual Matters, Ltd.,  |c [1997] 
264 4 |c ©1997 
300 |a xi, 252 pages :  |b illustrations ;  |c 22 cm. 
336 |a text  |b txt  |2 rdacontent 
337 |a unmediated  |b n  |2 rdamedia 
338 |a volume  |b nc  |2 rdacarrier 
490 1 |a Language and education library ;  |v 12 
504 |a Includes bibliographical references (pages 239-248) and index. 
650 0 |a Interaction analysis in education. 
650 0 |a Oral communication  |x Computer-assisted instruction  |z Great Britain. 
650 0 |a Education, Elementary  |x Computer-assisted instruction  |z Great Britain. 
650 0 |a Sociolinguistics  |z Great Britain. 
700 1 |a Wegerif, Rupert,  |d 1959- 
700 1 |a Scrimshaw, Peter. 
830 0 |a Language and education library ;  |v 12. 
948 |a c:jh 
999 |a MARS 
999 f f |s 1587fd28-e765-3a4a-ba7d-07e44fd45d83  |i cb0cee85-4353-33bc-a33b-ae7babfd5c53  |t 0 
952 f f |p normal  |a Texas A&M University  |b College Station  |c Sterling C. Evans Library  |d Evans: Library Stacks  |t 0  |e LB1034 .C65 1997  |h Library of Congress classification  |i unmediated -- volume  |m A14823470734 
998 f f |a LB1034 .C65 1997  |t 0  |l Evans: Library Stacks